Statistics for Worst Harry Potter character in book 1-7

Click here to take the quiz!

General Stats

  • This quiz has been taken 30 times
  • The average score is 5 of 8

Answer Stats

HintAnswer% Correct
Order of the PhoenixDolores Umbridge
96%
Sorcerer's StoneSeverus Snape
96%
Half-Blood PrinceSeverus Snape
96%
Deathly Hallows P2Lord Voldemort
92%
Prisoner of AzkabanPeter Pettigrew
63%
Chamber of SecretsTom Riddle
58%
Deathly Hallows P1Albus Dumbledore
25%
Goblet of FireRita Skeeter
21%

Score Distribution

Percentile by Number Answered

Percent of People with Each Score

Your Score History

You have not taken this quiz